Bacon y Descartes

Se considera a Descartes y a Bacon como dos de los pensadores más eminentes de una misma época. El primero un pilar del racionalismo, el segundo del empirismo. En este libro se presenta una serie de textos de ambos autores pasando de los textos más conocidos a los menos conocidos, con el fin de dar...

Szczegółowa specyfikacja

Zapisane w:
Opis bibliograficzny
1. autor: Cantor, Norman F.
Format: Książka
Język:Undetermined
Wydane: New York, Estados Unidos Blaisdell 1969
Hasła przedmiotowe:
Etykiety: Dodaj etykietę
Nie ma etykietki, Dołącz pierwszą etykiete!

MARC

LEADER 00000nam a2200000Ia 4500
008 170316s9999 xx 000 0 und d
040 |a cru BVZT 
090 |a 100 C-8b 
100 |a Cantor, Norman F.  |9 2005 
245 |a Bacon y Descartes  |c / Norman F. Cantor 
260 |a New York, Estados Unidos  |b Blaisdell  |c 1969 
300 |a 218 p. 
520 |a Se considera a Descartes y a Bacon como dos de los pensadores más eminentes de una misma época. El primero un pilar del racionalismo, el segundo del empirismo. En este libro se presenta una serie de textos de ambos autores pasando de los textos más conocidos a los menos conocidos, con el fin de dar una guía general sobre las tesis centrales de ambos. Finalmente, se encuentra un conjunto de autores que estudian el pensamiento de Descartes, y otro conjunto que estudia el pensamiento de Bacon, en el siglo pasad 
650 |a FILOSOFÍA  |9 5 
999 |c 15975  |d 15975 
942 |c 15 D  |h 100 C-8b  |2 z